000
00275nam a2200121 a 4500
008
100917s1989|||| d
245
1
0
_a
Svetová výstava
100
1
_a
Doctorow, E.L.
260
_b
Smena
_a
Bratislava
_c
1989
020
_c
29
044
_a
xo
_c
SK
041
_a
slo
999
_c
10465
_d
10465